The queen of the night / (Record no. 4988)
[ view plain ]
| 000 -LEADER | |
|---|---|
| fixed length control field | 00999nam a2200325 a 4500 |
| 001 - CONTROL NUMBER | |
| JCCL Control Number | 4988 |
| 003 - CONTROL NUMBER IDENTIFIER | |
| JCCL marc code | BD-JhCC |
| 005 - DATE AND TIME OF LATEST TRANSACTION | |
| control field | 20171206161531.0 |
| 008 - FIXED-LENGTH DATA ELEMENTS--GENERAL INFORMATION | |
| fixed length control field | 060613s2006 enk 000 1 eng |
| 020 ## - INTERNATIONAL STANDARD BOOK NUMBER | |
| International Standard Book Number | 9780755328819 (pbk.) : |
| Terms of availability | £6.99 |
| 020 ## - INTERNATIONAL STANDARD BOOK NUMBER | |
| International Standard Book Number | 0755328817 (pbk.) : |
| Terms of availability | £6.99 |
| 035 ## - SYSTEM CONTROL NUMBER | |
| system control number | (Uk)013537068 |
| 035 ## - SYSTEM CONTROL NUMBER | |
| system control number | (BD-JhCC)4988 |
| 038 ## - RECORD CONTENT LICENSOR | |
| Record content licensor | Uk |
| 040 ## - CATALOGING SOURCE | |
| Original cataloging agency | StDuBDS |
| Transcribing agency | StDuBDS |
| Modifying agency | Uk |
| -- | BD-JhCC |
| 041 ## - LANGUAGE CODE | |
| Language code of Book | eng |
| 082 04 - DEWEY DECIMAL CLASSIFICATION NUMBER | |
| Classification number | 823.914 |
| DDC Edition number | 22 |
| Author mark and Year | DOH 2006 |
| 090 ## - LOCALLY ASSIGNED LC-TYPE CALL NUMBER (OCLC); LOCAL CALL NUMBER (OCLC) | |
| Classification number (OCLC) (R) ; Classification number, CALL (RLIN) (NR) | BLI |
| Local cutter number (OCLC) ; Book number/undivided call number, CALL (RLIN) | H.2007/1091 |
| 100 1# - MAIN ENTRY--PERSONAL NAME | |
| Personal name | Doherty, P. C. |
| 245 14 - TITLE STATEMENT | |
| Title | The queen of the night / |
| Statement of responsibility, etc | Paul Doherty. |
| 260 ## - PUBLICATION, DISTRIBUTION, ETC. (IMPRINT) | |
| Place of publication, distribution, etc | London : |
| Name of publisher, distributor, etc | Headline, |
| Date of publication, distribution, etc | c2006. |
| 300 ## - PHYSICAL DESCRIPTION | |
| Pagination | xi, 452 p. ; |
| Dimensions | 18 cm. |
| 500 ## - GENERAL NOTE | |
| General note | Formerly CIP. |
| Institution to which field applies | Uk |
| 600 00 - SUBJECT ADDED ENTRY--PERSONAL NAME | |
| Personal name | Helena, |
| Titles and other words associated with a name | Saint, |
| Dates associated with a name | approximately 255-approximately 330 |
| 650 #0 - SUBJECT ADDED ENTRY--TOPICAL TERM | |
| Topical term or geographic name as entry element | Women spies |
| Geographic subdivision | Rome |
| Form subdivision | Fiction. |
| 650 #0 - SUBJECT ADDED ENTRY--TOPICAL TERM | |
| Topical term or geographic name as entry element | Murder |
| General subdivision | Investigation |
| Geographic subdivision | Rome |
| Form subdivision | Fiction. |
| 651 #0 - SUBJECT ADDED ENTRY--GEOGRAPHIC NAME | |
| Geographic name | Rome |
| General subdivision | History |
| Chronological subdivision | Constantine I, the Great, 306-337 |
| Form subdivision | Fiction. |
| 655 #0 - | |
| Genre/form data or focus term | Detective and mystery stories. |
| 942 ## - ADDED ENTRY ELEMENTS (KOHA) | |
| Source of classification or shelving scheme | Dewey Decimal Classification |
| Koha item type | Books |
| Source of classification or shelving scheme | Damaged status | Not for loan | Home library | Current library | Shelving location | Date of accession | Source of acquisition | Cost, normal purchase price | Total Checkouts | Full call number | Barcode | Date last seen | Copy number | Koha item type |
|---|---|---|---|---|---|---|---|---|---|---|---|---|---|---|
| Dewey Decimal Classification | JCC Rouf Library | JCC Rouf Library | General Stacks | 12/06/2017 | Stowe School Library | 7.00 | 823.914 DOH 2006 | 6930 | 12/06/2017 | C-1 | Books |